| 000 | 00670nam a2200277 a 4500 | ||
|---|---|---|---|
| 003 | AR-BaBNM | ||
| 005 | 20251128204509.0 | ||
| 008 | 082120s2002 ||||||||||||||000 | spa|| | ||
| 020 | _a950-40-0012-6 | ||
| 040 | _cAR-BaBNM | ||
| 100 | 1 | _aBorges, Jorge Luis | |
| 245 | 0 | 0 | _aLos conjurados |
| 250 | _a4ª ed. | ||
| 260 |
_aBuenos Aires _bAlianza Editorial _c1993 |
||
| 300 | _a97 p. | ||
| 490 | 0 |
_aAlianza Tres _vv. 159 |
|
| 500 | _aPrólogo del autor | ||
| 650 | 4 | _aLITERATURA ARGENTINA | |
| 650 | 4 | _aPOESIA | |
| 650 | 4 | _aLITERATURA | |
| 650 | 4 | _aLITERATURA DE FICCION | |
| 653 | _aSIMBOLISMO | ||
| 655 | _aLITERATURA | ||
| 942 | _cBK | ||
| 998 | _cCarmen | ||
| 999 |
_c7650 _d7650 |
||